South American Countries on a Globe Quiz Stats

 Plays Quiz Updated Jun 3, 2016

Challenge
Share
Tweet
Score 0/12 Timer 02:00
4 Plays Today
% Correct
Brazil
99.5%
Chile
97.9%
Argentina
92.9%
Peru
92.8%
Colombia
91.5%
Ecuador
88.9%
Uruguay
88.9%
Paraguay
88%
Bolivia
87.2%
Venezuela
84.5%
Guyana
84.2%
Suriname
83.9%

You're not logged in!

Compare scores with friends on all Sporcle quizzes.
Join for Free
OR
Log In

You Might Also Like...

Show Comments

Extras

Top Quizzes Today


Score Distribution

Your Account Isn't Verified!

In order to create a playlist on Sporcle, you need to verify the email address you used during registration. Go to your Sporcle Settings to finish the process.

Report this User

Report this user for behavior that violates our Community Guidelines.

Details: